Principles of musical theory /

Bibliographic Details
Main Author: Longy-Miquelle, Renee
Format: Book
Language:English
Published: Boston : E.C. Schirmer music co., [1925]
Series:Concord series, no. 12
Subjects:

MARC

Tag First Indicator Second Indicator Subfields
LEADER 00000cam a2200000 4500
001 in00000030408
005 20151007061559.0
008 750411s1925 mauafg 00010 eng u
010 |a  34009725  
035 |a (OCoLC)01268289 
035 |9 AAD2500AM 
040 |c KSU  |d TXA  |d UtOrBLW 
049 |a TXAM  |c [A13315542] 
050 0 0 |a MT6  |b .L85 
100 1 |a Longy-Miquelle, Renee. 
245 1 0 |a Principles of musical theory /  |c by Renee Longy-Miquelle. 
264 1 |a Boston :  |b E.C. Schirmer music co.,  |c [1925] 
264 4 |c [©1925] 
300 |a vii, 101 pages :  |b illustrations, (including music) 2 folded plate (music) diagrams ;  |c 25 cm. 
336 |a text  |b txt  |2 rdacontent 
337 |a unmediated  |b n  |2 rdamedia 
338 |a volume  |b nc  |2 rdacarrier 
490 0 |a Concord series, no. 12 
650 0 |a Music theory. 
650 0 |a Music  |v Textbooks. 
999 |a MARS 
999 f f |s 678a805e-0ae1-354e-99f2-f0e38a0044a4  |i a5bae1fb-9dfe-3f71-a5e7-e7b337e9ed59  |t 0 
952 f f |p normal  |a Texas A&M University  |b College Station  |c Sterling C. Evans Library  |s Evans stk  |d Evans: Library Stacks  |t 0  |e MT6 .L85  |h Library of Congress classification  |i unmediated -- volume  |m A14813315542 
998 f f |a MT6 .L85  |t 0  |l Evans: Library Stacks